| 000 | 00949cam a2200277zu 4500 | ||
|---|---|---|---|
| 001 | 88921808 | ||
| 003 | FRCYB88921808 | ||
| 005 | 20251020123936.0 | ||
| 006 | m o d | ||
| 007 | cr un | ||
| 008 | 251020s2011 fr | o|||||0|0|||fre d | ||
| 020 | _a9782200255633 | ||
| 035 | _aFRCYB88921808 | ||
| 040 |
_aFR-PaCSA _bfr _c _erda |
||
| 100 | 1 | _aBelhoste, Bruno | |
| 245 | 0 | 1 |
_aParis savant _c['Belhoste, Bruno'] |
| 264 | 1 |
_bArmand Colin _c2011 |
|
| 300 | _a p. | ||
| 336 |
_btxt _2rdacontent |
||
| 337 |
_bc _2rdamdedia |
||
| 338 |
_bc _2rdacarrier |
||
| 650 | 0 | _a | |
| 700 | 0 | _aBelhoste, Bruno | |
| 856 | 4 | 0 |
_2Cyberlibris _uhttps://international.scholarvox.com/netsen/book/88921808 _qtext/html _a |
| 520 | _aCe document historique propose un itinéraire pittoresque dans le Paris des Lumières, à travers de grandes figures de scientifiques, philosophes et artistes comme d'Alembert, Condorcet et Lavoisier. | ||
| 999 |
_c1555872 _d1555872 |
||